000 00791nam a22002297a 4500
001 48172
003 BD-RjUL
005 20211209054455.0
008 160813s1940 ii ||||| |||| 00| 0 ben d
020 _c: IRs 1.25
035 _a(BD-RjUL)48291
040 _aBD-RjUL
_bben
_cBD-RjUL
041 _aben
082 _223
_a891.442
_bSEH 1940
100 _aসেনগুপ্ত, শচীন্দ্রনাথ
_9145947
245 1 0 _aহরপার্ব্বতী /
_cশচীন্দ্রনাথ সেনগুপ্ত
260 _aকলিকাতা :
_bগুরুদাস,
_c১৯৪০
300 _a১৩৩ পৃ. ;
_c১৭ সেমি.
650 _aবাংলা নাটক
_9145948
650 _aBengali Drama
_9145949
942 _2ddc
_cBK
999 _c48172
_d48172